ბათუმის შოთა რუსთაველის სახელმწიფო უნივერსიტეტის ბიბლიოთეკა

On Business and for Pleasure:A self study Workbook for Advanced Business English Studens. (ბიბ.ჩანაწერი № 46657)

000 -LEADER
fixed length control field 00579nam a2200205Ia 4500
001 - CONTROL NUMBER
control field 13498
003 - CONTROL NUMBER IDENTIFIER
control field GE_BSU
008 - FIXED-LENGTH DATA ELEMENTS--GENERAL INFORMATION
fixed length control field 181216s||||||||xx |||||||||||||| ||und||
020 ## - INTERNATIONAL STANDARD BOOK NUMBER
International Standard Book Number 9781846943041
040 ## - CATALOGING SOURCE
Transcribing agency GE_BSU
080 ## - UNIVERSAL DECIMAL CLASSIFICATION NUMBER
Universal Decimal Classification number 338.22(075.8)
100 ## - MAIN ENTRY--PERSONAL NAME
Personal name Berman,Michael
245 ## - TITLE STATEMENT
Title On Business and for Pleasure:A self study Workbook for Advanced Business English Studens.
260 ## - PUBLICATION, DISTRIBUTION, ETC.
Name of publisher, distributor, etc. Winchester
260 ## - PUBLICATION, DISTRIBUTION, ETC.
Date of publication, distribution, etc. 2010
300 ## - PHYSICAL DESCRIPTION
Extent 116p.20cm.
653 ## - INDEX TERM--UNCONTROLLED
Uncontrolled term A self study Workbook for Advanced Business Englis Studens
653 ## - INDEX TERM--UNCONTROLLED
Uncontrolled term On Business and for Pleasure
942 ## - ADDED ENTRY ELEMENTS (KOHA)
Koha item type წიგნი
ეგზემპლარები
Withdrawn status Lost status Damaged status Not for loan Date acquired Barcode Date last seen Price effective from Koha item type
        2018-12-17 36969 2018-12-17 2018-12-17 წიგნი